000 01017nam a2200229 i 4500
001 164854
003 ES-MaACL
005 20250723061852.0
008 990108m18401851fr |||| | fre d
040 _aCCPB | B
_bspa
_cCCPB | B
100 1 _aSavigny, Friedrich Carl von,
_d1779-1861
_9104070
245 1 0 _aTraité de droit romain /
_cpar M. F. C. de Savigny ; traduit de l´allemand par M. Ch. Guenoux.
260 _aParis :
_bFirmin Didot Frères, Libraires,
_c1840-1851.
300 _a8 v. ;
_c21 cm.
597 _aAntep.
597 _aTexto con apostillas marginales.
650 0 7 _aDerecho romano
_2embne
_911764
700 1 _aGuenoux, Charles.
_9127597
852 _aES-MaACL
_jF-14153-60
_z-- Enc. pasta españoal
_q-- Falto de la port. el t.III
_x-- Edic.: T.I, 1840 (XLVI, 421 p.) - T.II, 1841 (504 p.) - T.III, (VII, 404 p.) - T.IV, 1845 (613 p.) - T.V, 1846 (621 p.) - T.VI, 1849 (528 p.) - T.VII, 1850 (307 p.) - T.VIII, 1851 (532 p.)
999 _c164854
_d164854